| 000 | 00515nam a22002051c 4500 | ||
|---|---|---|---|
| 001 | a987670352 | ||
| 008 | 130319s1970 gw |||| 000u ger d | ||
| 041 | _ager | ||
| 100 | 1 | _aKellermann, Volkmar | |
| 245 | 0 | 0 |
_aSchwarzer Adler, weißer Adler : _bdie Polenpolitik der Weimarer Republik |
| 264 |
_aKöln : _bMarkus, _c1970 |
||
| 300 | _a196 S. | ||
| 648 | 0 | _a1918-1933 | |
| 650 | 0 | _aAußenpolitik | |
| 651 | 0 | _aDeutschland | |
| 651 | 0 | _aPolen | |
| 942 | _cMG | ||
| 040 | _cRU-10907106 | ||
| 003 | RU-10907106 | ||
| 999 |
_c39096 _d39096 |
||